| 000 | 00467nam a22001577a 4500 | ||
|---|---|---|---|
| 003 | NUST | ||
| 038 | _abaig | ||
| 082 | _a200 THE | ||
| 100 |
_aAtif Ali _984153 |
||
| 110 |
_aSupervisor Dr Muhammad Bilal Malik _984154 |
||
| 245 | _aTH-SOF-1292-NEW CONTROL METHODS FOR A CLASS OF NONLINEAR SYSTEMS WITH CONSTRAINED INPUT | ||
| 260 |
_aIslamabad _bNUST College of EME _c2016 |
||
| 563 | _ahb | ||
| 650 |
_a PHD ELECTRICAL ENGINEERING PHD _984155 |
||
| 942 |
_cCF _2ddc |
||
| 999 |
_c577189 _d577189 |
||